<?xml version="1.0" encoding="UTF-8"?>
<record
    xmlns:xsi="http://www.w3.org/2001/XMLSchema-instance"
    xsi:schemaLocation="http://www.loc.gov/MARC21/slim http://www.loc.gov/standards/marcxml/schema/MARC21slim.xsd"
    xmlns="http://www.loc.gov/MARC21/slim">

  <leader>01460nam a22004217a 4500</leader>
  <controlfield tag="005">20240530110437.0</controlfield>
  <controlfield tag="008">150214s2010    ua     g  b   000 0cara d</controlfield>
  <datafield tag="017" ind1=" " ind2=" ">
    <subfield code="a">2010/5192</subfield>
    <subfield code="b">&#x645;&#x635;&#x631; . &#x62F;&#x627;&#x631; &#x627;&#x644;&#x643;&#x62A;&#x628; &#x627;&#x644;&#x645;&#x635;&#x631;&#x64A;&#x629;</subfield>
  </datafield>
  <datafield tag="020" ind1=" " ind2=" ">
    <subfield code="a">9771442874</subfield>
  </datafield>
  <datafield tag="040" ind1=" " ind2=" ">
    <subfield code="a">EG-CaGPL</subfield>
  </datafield>
  <datafield tag="041" ind1="0" ind2=" ">
    <subfield code="a">ara</subfield>
  </datafield>
  <datafield tag="082" ind1="0" ind2="4">
    <subfield code="2">21</subfield>
    <subfield code="a">920.7</subfield>
    <subfield code="b">&#x642;/&#x635; &#x634;</subfield>
  </datafield>
  <datafield tag="100" ind1="0" ind2=" ">
    <subfield code="a">&#x635;&#x644;&#x627;&#x62D; &#x639;&#x64A;&#x633;&#x649;</subfield>
  </datafield>
  <datafield tag="245" ind1="1" ind2="0">
    <subfield code="a">&#x634;&#x62E;&#x635;&#x64A;&#x627;&#x62A; &#x644;&#x647;&#x627; &#x627;&#x644;&#x639;&#x62C;&#x628; : </subfield>
    <subfield code="b">&#x630;&#x643;&#x631;&#x64A;&#x627;&#x62A; &#x648; &#x62A;&#x631;&#x627;&#x62C;&#x645; &#x648; &#x62F;&#x631;&#x627;&#x633;&#x627;&#x62A; &#x648; &#x648;&#x62B;&#x627;&#x626;&#x642; : &#x627;&#x644;&#x645;&#x62C;&#x645;&#x648;&#x639;&#x629; &#x627;&#x644;&#x627;&#x648;&#x644;&#x649; / </subfield>
    <subfield code="c">&#x635;&#x644;&#x627;&#x62D; &#x639;&#x64A;&#x633;&#x649; </subfield>
  </datafield>
  <datafield tag="250" ind1=" " ind2=" ">
    <subfield code="a">&#x637;3</subfield>
  </datafield>
  <datafield tag="260" ind1=" " ind2=" ">
    <subfield code="a">&#x627;&#x644;&#x642;&#x627;&#x647;&#x631;&#x629; : </subfield>
    <subfield code="b">&#x646;&#x647;&#x636;&#x629; &#x645;&#x635;&#x631; &#x644;&#x644;&#x637;&#x628;&#x627;&#x639;&#x629; &#x648; &#x627;&#x644;&#x646;&#x634;&#x631; &#x648;&#x627;&#x644;&#x62A;&#x648;&#x632;&#x64A;&#x639; &#x60C; </subfield>
    <subfield code="c">2010</subfield>
  </datafield>
  <datafield tag="300" ind1=" " ind2=" ">
    <subfield code="a">593 &#x635; &#x61B;</subfield>
    <subfield code="c">24 &#x633;&#x645;</subfield>
  </datafield>
  <datafield tag="600" ind1="0" ind2=" ">
    <subfield code="a">&#x627;&#x644;&#x645;&#x644;&#x643; &#x641;&#x627;&#x631;&#x648;&#x642;</subfield>
  </datafield>
  <datafield tag="600" ind1="0" ind2=" ">
    <subfield code="a">&#x639;&#x645;&#x631; &#x627;&#x644;&#x62D;&#x645;&#x632;&#x627;&#x648;&#x649;</subfield>
  </datafield>
  <datafield tag="600" ind1="0" ind2=" ">
    <subfield code="a">&#x627;&#x646;&#x64A;&#x633; &#x632;&#x643;&#x649;</subfield>
  </datafield>
  <datafield tag="600" ind1="0" ind2=" ">
    <subfield code="a">&#x633;&#x631;&#x62D;&#x627;&#x646; &#x627;&#x644;&#x628;&#x62D;&#x64A;&#x631;&#x649;</subfield>
  </datafield>
  <datafield tag="600" ind1="0" ind2=" ">
    <subfield code="a">&#x639;&#x628;&#x62F;&#x627;&#x644;&#x641;&#x62A;&#x627;&#x62D; &#x627;&#x644;&#x62C;&#x645;&#x644;</subfield>
  </datafield>
  <datafield tag="600" ind1="0" ind2=" ">
    <subfield code="a">&#x64A;&#x648;&#x633;&#x641; &#x627;&#x62F;&#x631;&#x64A;&#x633;</subfield>
  </datafield>
  <datafield tag="600" ind1="0" ind2=" ">
    <subfield code="a">&#x644;&#x637;&#x641;&#x649; &#x627;&#x644;&#x62E;&#x648;&#x644;&#x649;</subfield>
  </datafield>
  <datafield tag="600" ind1="0" ind2=" ">
    <subfield code="a">&#x633;&#x639;&#x62F; &#x627;&#x644;&#x62F;&#x64A;&#x646; &#x648;&#x647;&#x628;&#x629;</subfield>
  </datafield>
  <datafield tag="600" ind1="0" ind2=" ">
    <subfield code="a">&#x62D;&#x645;&#x632;&#x629; &#x627;&#x644;&#x628;&#x633;&#x64A;&#x648;&#x646;&#x649; &#x645;&#x62D;&#x645;&#x62F;</subfield>
  </datafield>
  <datafield tag="600" ind1="0" ind2=" ">
    <subfield code="a">&#x641;&#x624;&#x627;&#x62F; &#x633;&#x631;&#x627;&#x62C; &#x627;&#x644;&#x62F;&#x64A;&#x646;</subfield>
  </datafield>
  <datafield tag="600" ind1="0" ind2=" ">
    <subfield code="a">&#x635;&#x644;&#x627;&#x62D; &#x646;&#x635;&#x631;</subfield>
  </datafield>
  <datafield tag="600" ind1="0" ind2=" ">
    <subfield code="a">&#x645;&#x635;&#x637;&#x641;&#x649; &#x62E;&#x645;&#x64A;&#x633;</subfield>
  </datafield>
  <datafield tag="600" ind1="0" ind2=" ">
    <subfield code="a">&#x633;&#x64A;&#x62F; &#x642;&#x637;&#x628;</subfield>
  </datafield>
  <datafield tag="600" ind1="0" ind2=" ">
    <subfield code="a">&#x62D;&#x633;&#x646; &#x627;&#x644;&#x647;&#x636;&#x64A;&#x646;&#x649;</subfield>
  </datafield>
  <datafield tag="600" ind1="0" ind2=" ">
    <subfield code="a">&#x639;&#x628;&#x62F;&#x627;&#x644;&#x631;&#x62D;&#x645;&#x646; &#x627;&#x644;&#x633;&#x646;&#x62F;&#x649;</subfield>
  </datafield>
  <datafield tag="600" ind1="0" ind2=" ">
    <subfield code="a">&#x62D;&#x633;&#x646; &#x627;&#x644;&#x628;&#x646;&#x627;</subfield>
  </datafield>
  <datafield tag="600" ind1="0" ind2=" ">
    <subfield code="a">&#x637;&#x647; &#x62D;&#x633;&#x64A;&#x646;</subfield>
  </datafield>
  <datafield tag="600" ind1="0" ind2=" ">
    <subfield code="a">&#x639;&#x628;&#x62F;&#x627;&#x644;&#x631;&#x62D;&#x645;&#x646; &#x627;&#x644;&#x631;&#x627;&#x641;&#x639;&#x649;</subfield>
  </datafield>
  <datafield tag="942" ind1=" " ind2=" ">
    <subfield code="2">ddc</subfield>
    <subfield code="c">BK</subfield>
  </datafield>
  <datafield tag="999" ind1=" " ind2=" ">
    <subfield code="c">60968</subfield>
    <subfield code="d">60968</subfield>
  </datafield>
  <datafield tag="952" ind1=" " ind2=" ">
    <subfield code="0">0</subfield>
    <subfield code="1">0</subfield>
    <subfield code="4">0</subfield>
    <subfield code="7">0</subfield>
    <subfield code="a">CAI</subfield>
    <subfield code="b">CAI</subfield>
    <subfield code="d">2015-04-14</subfield>
    <subfield code="l">0</subfield>
    <subfield code="o">920.7 &#x642;/&#x635; &#x634;</subfield>
    <subfield code="p">160163</subfield>
    <subfield code="r">2015-04-14 00:00:00</subfield>
    <subfield code="w">2015-04-14</subfield>
    <subfield code="y">BK</subfield>
  </datafield>
</record>
